Statistics for Countries without Death Penalty, with Exceptions

Click here to take the quiz!

General Stats

  • This quiz has been taken 73 times
  • The average score is 41 of 59

Answer Stats

Country % Correct
Australia
98%
New Zealand
94%
Canada
93%
Argentina
89%
Venezuela
89%
Fiji
87%
Nicaragua
87%
Colombia
87%
Bolivia
87%
South Africa
87%
Panama
87%
Uruguay
85%
Suriname
85%
Paraguay
85%
Ecuador
83%
Costa Rica
83%
Honduras
83%
Palau
81%
Tuvalu
81%
Samoa
81%
Mexico
80%
Marshall Islands
80%
Solomon Islands
80%
Vanuatu
80%
Micronesia, F.S
78%
Nauru
78%
Namibia
78%
Haiti
76%
Dominican Republic
72%
Mauritius
69%
Congo, Republic of the
69%
Nepal
67%
Togo
65%
Seychelles
63%
Georgia
63%
Bhutan
61%
East Timor
61%
Benin
61%
Burundi
61%
Sao Tome and Principe
61%
Guinea-Bissau
61%
Rwanda
59%
Armenia
59%
Azerbaijan
59%
Cote d'Ivoire
57%
Cape Verde
57%
Mongolia
57%
Mozambique
56%
Philippines
56%
Senegal
56%
Djibouti
56%
Uzbekistan
54%
Gabon
54%
Turkmenistan
52%
Kyrgyzstan
50%
Madagascar
50%
Cambodia
50%
Cyprus
44%
Hong Kong & Macau
6%

Score Distribution

Percentile by Number Answered

Percent of People with Each Score

Your Score History

You have not taken this quiz